[Event "ITA-ch U16"]
[Site "Tarvisio"]
[Date "2023.07.02"]
[Round "1"]
[White "Bardi, Enrico"]
[Black "Lo Presti, Giulio"]
[Result "0-1"]
[WhiteElo "1337"]
[BlackElo "2033"]
[PlyCount "60"]
[EventDate "2023.07.02"]
[EventType "swiss"]
[EventRounds "9"]
[EventCountry "ITA"]
[SourceTitle "EXT 2024"]
[Source "ChessBase"]
[SourceDate "2023.10.10"]
[SourceVersion "1"]
[SourceVersionDate "2023.10.10"]
[SourceQuality "1"]

1. e4 e6 2. d4 d5 3. exd5 exd5 4. Bd3 Bd6 5. Ne2 Ne7 6. 0-0 c6 7. c3 Qc7 8. g3 Bg4 9. Re1 Nd7 10. Qc2 h5 11. Bf4 h4 12. Nd2 hxg3 13. fxg3 0-0-0 14. Kg2 Rdg8 15. Bh7 Re8 16. Bd3 Bxe2 17. Bxd6 Bxd3 18. Bxc7 Bxc2 19. Bd6 Nf5 20. Rxe8+ Rxe8 21. Bf4 Nf6 22. Rc1 Be4+ 23. Nxe4 Rxe4 24. Rc2 Rxf4 25. gxf4 Ne3+ 26. Kf3 Nxc2 27. f5 Kd7 28. Kf4 Ne4 29. c4 Kd6 30. c5+ Ke7 0-1